Géographie - Régions d'Angleterre. - Statistiques

Statistiques générales
  • Ce quiz a été pris 192 fois
  • Le résultat moyen est 6 sur 9
Statistiques - réponses
Hint Réponse % Correct

Angleterre du Sud-Ouest
82%

Grand Londres
80%

Angleterre du Nord-Ouest
79%

Angleterre du Nord-Est
74%

Midlands de l'Ouest
71%

Angleterre du Sud-Est
69%

Midlands de l'Est
58%

Angleterre de l'Est
57%

Yorkshire-et-Humber
49%
Aucun quiz correspondant
Distribution des résultats
% des personnes avec chaque résultat
Percentile par nombre de réponses
Votre historique - résultats
Vous n’avez pas pris ce quiz